000 00529cam a22001931 4500
001 sa 64007497
003 DLC
005 20260227112047.0
008 890403q io 000 0 ind
010 _asa 64007497
035 _a(OCoLC)23569635
040 _aDLC
_cMiU
_dDLC
042 _apremarc
050 0 0 _aDS644
_b.2 1963.S946
100 0 _aSoekarno,
_d1901-1970.
245 1 0 _aKerdja terus!
_bTiada hasil achir dalam perdjoangan.
260 _a[Djakarta]
_bDepartemen Penerangan
_c[cover 1963]
300 _a19 p.
_c21 cm.
999 _c60294
_d60294